000 00792nam a2200253Ia 4500
003 OSt
005 20220923220943.0
006 a|||||r|||| 00| 0
007 ta
008 220922b |||||||| |||| 00| 0 hin d
024 _a192,661
037 _cTextual
040 _aARTS
_cARTS
_bhin
041 _2hin
_ahin
082 _aU8.261.N5, 152K6
100 _aजनक अरविन्द
245 0 _aअसम की गोद मे
246 _aAsam kī god me
260 _aनई दिल्ली
_b आर्मी एजुकेशनल स्टोर्ज
_c1966
300 _a264पृ.
_ccm.
650 _aभारतीय-भूगोल
942 _hU8.261.N5, 152K6
_cTEXL
_2CC
999 _c345233
_d345233